| 000 | 00355nam a22001457a 4500 | ||
|---|---|---|---|
| 008 | 250422b ||||| |||| 00| 0 eng d | ||
| 020 | _a0878931880 | ||
| 041 | _aeng | ||
| 080 |
_21986 SECOND EDITION _a573FUT |
||
| 082 |
_2573FUT _a573FUT |
||
| 100 | _a15 | ||
| 101 | _aBIOLOGJI | ||
| 245 |
_aEVOLUTIONARY BIOLOGY _cDOUGLAS J.FUTUYMA |
||
| 942 |
_2udc _cBK |
||
| 999 |
_c60676 _d60676 |
||